The Unlimited power of prayer. (Record no. 430)

MARC details
000 -LEADER
fixed length control field 00635cam a2200229 i 4500
001 - CONTROL NUMBER
control field 1357286
003 - CONTROL NUMBER IDENTIFIER
control field GBCCL
005 - DATE AND TIME OF LATEST TRANSACTION
control field 20241126110338.0
008 - FIXED-LENGTH DATA ELEMENTS--GENERAL INFORMATION
fixed length control field 800604s1980 nyu 000 0deng
010 ## -
-- 80108234
040 ## - CATALOGING SOURCE
Original cataloging agency DLC
Transcribing agency DLC
Modifying agency DLC
050 00 -
-- BV220
-- .U54
082 00 - DEWEY DECIMAL CLASSIFICATION NUMBER
Classification number 248.32
Item number UNL
245 04 - TITLE STATEMENT
Title The Unlimited power of prayer.
260 ## - PUBLICATION, DISTRIBUTION, ETC.
Place of publication, distribution, etc. Carmel, N.Y. :
Name of publisher, distributor, etc. Guideposts,
Date of publication, distribution, etc. c1980.
300 ## - PHYSICAL DESCRIPTION
Extent 321 p. ;
Dimensions 22 cm.
500 ## - GENERAL NOTE
General note "A Guideposts anthology."
650 #0 - SUBJECT ADDED ENTRY--TOPICAL TERM
Topical term or geographic name entry element Prayer
General subdivision Christianity.
9 (RLIN) 227
730 0# -
-- Guideposts (Pawling, N.Y.)
-- 622
906 ## - LOCAL DATA ELEMENT F, LDF (RLIN)
a 7
b cbc
c orignew
d 2
e ncip
f 19
g y-gencatlg
942 ## - ADDED ENTRY ELEMENTS (KOHA)
Source of classification or shelving scheme Dewey Decimal Classification
Koha item type Books
Koha issues (borrowed), all copies 1
Holdings
Withdrawn status Lost status Source of classification or shelving scheme Damaged status Not for loan Home library Current Library Shelving location Date acquired Total checkouts Full call number Barcode Date last seen Date last checked out Copy number Price effective from Koha item type
    Dewey Decimal Classification     GRACE BIBLE COLLEGE GRACE BIBLE COLLEGE Ministry & Mission 2016-10-26 1 248.32 UNL 009650 2025-05-01 2023-08-25 c.1 2016-10-26 Books
© Grace Bible College Library 2025